Η δεύτερη εποχή
Αποθηκεύτηκε σε:
| Κύριος συγγραφέας: | |
|---|---|
| Μορφή: | Βιβλίο |
| Γλώσσα: | Greek |
| Δημοσίευση: |
[Αθήνα] :
Ερατώ,
[1988]
|
| Θέματα: | |
| Ετικέτες: |
Προσθήκη ετικέτας
Δεν υπάρχουν, Καταχωρήστε ετικέτα πρώτοι!
|
MARC
| LEADER | 00000nam a2200000 i 4500 | ||
|---|---|---|---|
| 001 | 1/87012 | ||
| 008 | 970404s1988 gre d | ||
| 035 | |a 1990 |b 1 |c Δωρεά |l 10035128 | ||
| 040 | |a GR-MY-UA |b gre |e aacr | ||
| 041 | 0 | |a gre | |
| 082 | 0 | |a 889.1 | |
| 100 | 1 | |a Καρούζος, Νίκος, |d 1926-1990. | |
| 245 | 1 | 2 | |a Η δεύτερη εποχή / |c Νίκος Καρούζος |
| 260 | |a [Αθήνα] : |b Ερατώ, |c [1988] | ||
| 300 | |a 113 σ. | ||
| 500 | |a Το βιβλίο περιέχει τις εξής συλλογές ποιημάτων: α. Πενθήματα [1969]. - β. Λευκοπλάστης για μικρές και μεγάλες αντινομίες [1971]. - γ. Χορταριασμένα χάσματα | ||
| 650 | 0 | 0 | |a Greek poetry, Modern |y 20th century. |
| 852 | |a INST |b RHODES |e 19970404 |h 889.1 ΚΑΡ |p 005400010551 |q 005400010551 |t BK |y 0 | ||
| 909 | |a Ρ |b 017395 |c 1990 | ||
| 970 | |z 2000/07/ΚΑΤΕΡΙΝΑ | ||